[Event "10. Forchheimer Sparkassen Open"]
[Site "Forchheim"]
[Date "2011.10.08"]
[Round "2.53"]
[White "Pokorny, Klaus"]
[Black "Braun, Kristin"]
[Result "1-0"]
[WhiteElo "1841"]
[BlackElo "1581"]
[PlyCount "79"]
[EventDate "2011.??.??"]

1. c4 {[%emt 0:00:00]} Nf6 2. Nc3 g6 3. g3 Bg7 4. Bg2 d6 5. d4 O-O 6. e4 e5 7.
Nf3 c6 8. O-O Re8 9. Re1 Nbd7 10. d5 cxd5 11. Nxd5 Nxd5 12. Qxd5 Nb6 13. Qd3
Be6 14. b3 f5 15. Ng5 fxe4 16. Bxe4 d5 17. Nxe6 Rxe6 18. cxd5 Rd6 19. Ba3 Rd7
20. d6 Bf8 21. Bd5+ Nxd5 22. Qxd5+ Kh8 23. Bb2 Bxd6 24. Rxe5 Bxe5 25. Bxe5+ Rg7
26. Qxb7 Qf8 27. Bxg7+ Qxg7 28. Qxa8+ Qg8 29. Qxg8+ Kxg8 30. Rc1 a5 31. Rc7 h6
32. Kg2 g5 33. Kf3 h5 34. Ke4 Kf8 35. Ke5 h4 36. gxh4 gxh4 37. h3 Kg8 38. Kf6
Kh8 39. Kg6 a4 40. Rc8# 1-0

[Event "10. Forchheimer Sparkassen Open"]
[Site "Forchheim"]
[Date "2011.10.08"]
[Round "2.54"]
[White "Kölbl, Jonathan"]
[Black "Mehling, Katharina"]
[Result "1-0"]
[WhiteElo "1828"]
[BlackElo "1581"]
[PlyCount "85"]
[EventDate "2011.??.??"]
[WhiteTeam "SK Klosterlechfeld"]
[BlackTeam "Spvgg 1946 e.V. Stetten"]

1. e4 e6 2. d4 d5 3. Nc3 Nf6 4. e5 Nfd7 5. f4 c5 6. Nf3 Nc6 7. Ne2 cxd4 8.
Nexd4 Nc5 9. c3 Be7 10. Bd3 Nxd3+ 11. Qxd3 Nxd4 12. Nxd4 a6 13. O-O O-O 14. Be3
Qc7 15. Kh1 Bc5 16. Rf3 Bxd4 17. Bxd4 g6 18. Rh3 f5 19. Rf1 Bd7 20. Qf3 Bb5 21.
Rg1 Qc4 22. Qg3 Rad8 23. b3 Qc7 24. Qf2 Rc8 25. g4 Bc6 26. Qh4 Qg7 27. Qf2 Rc7
28. g5 Qe7 29. Rh6 Rf7 30. h4 Rg7 31. Rg3 Qe8 32. Rh3 Rce7 33. Qh2 Rd7 34. h5
Rde7 35. hxg6 Qd7 36. gxh7+ Kh8 37. Kg1 Qc7 38. Rf6 Re8 39. Rhh6 Qe7 40. b4 Bb5
41. Bc5 Qd7 42. Qh5 Ra8 43. Bf8 1-0

[Event "10. Forchheimer Sparkassen Open"]
[Site "Forchheim"]
[Date "2011.10.08"]
[Round "2.55"]
[White "Diller, Daniel"]
[Black "Schröder, Harald"]
[Result "1/2-1/2"]
[WhiteElo "1821"]
[BlackElo "1569"]
[PlyCount "60"]
[EventDate "2011.??.??"]

1. c4 {[%emt 0:00:00]} e5 2. g3 f5 3. d4 e4 4. Nc3 Bb4 5. Nh3 Nf6 6. Bg5 O-O 7.
Nf4 Bxc3+ 8. bxc3 h6 9. Bxf6 Qxf6 10. e3 c6 11. h4 Na6 12. c5 Nc7 13. Qb3+ Kh7
14. h5 d5 15. cxd6 Qxd6 16. a4 b6 17. Bc4 b5 18. axb5 cxb5 19. Bd5 Nxd5 20.
Qxd5 Qxd5 21. Nxd5 Rf7 22. Kd2 Be6 23. Nf4 Bc4 24. Ra5 Kg8 25. Rha1 Rb7 26. Rb1
a6 27. Rba1 Rb6 28. Kc2 Bf7 29. Rb1 Rc8 30. Kd2 Ra8 1/2-1/2

[Event "10. Forchheimer Sparkassen Open"]
[Site "Forchheim"]
[Date "2011.10.08"]
[Round "2.56"]
[White "Nitzsche, Pia"]
[Black "Schwab, Edgar"]
[Result "0-1"]
[WhiteElo "1565"]
[BlackElo "1806"]
[PlyCount "86"]
[EventDate "2011.??.??"]
[WhiteTeam "Chemnitzer SC Aufbau`95"]
[BlackTeam "SC Forchheim e.V."]

1. c4 {[%emt 0:00:00]} c6 2. Nc3 d5 3. cxd5 cxd5 4. d4 Nf6 5. Nf3 Nc6 6. a3 Bf5
7. Bf4 e6 8. e3 Bd6 9. Bxd6 Qxd6 10. Be2 h6 11. Nb5 Qe7 12. Qa4 O-O 13. b4 a6
14. Nc3 Rac8 15. Qb3 Rc7 16. O-O Rfc8 17. Rac1 b5 18. Na2 Ne4 19. Bd3 Qf6 20.
Qd1 Nd6 21. Bxf5 Qxf5 22. Qc2 Qxc2 23. Rxc2 Nxd4 24. Nxd4 Rxc2 25. Nxc2 Rxc2
26. Nc1 Nc4 27. Nd3 Rc3 28. Nc5 Rxa3 29. h3 Kf8 30. Rd1 Ke7 31. e4 Nb6 32. f3
Ra2 33. Rb1 Kd6 34. Rc1 Nc4 35. Rf1 d4 36. Rf2 Ra1+ 37. Rf1 Ra3 38. Rd1 e5 39.
Rb1 f6 40. Rd1 Kc6 41. Rb1 a5 42. Ne6 a4 43. Nc5 Ra2 0-1

[Event "10. Forchheimer Sparkassen Open"]
[Site "Forchheim"]
[Date "2011.10.08"]
[Round "2.57"]
[White "Schlötterer, Hermann"]
[Black "Siegl, Adrian"]
[Result "1/2-1/2"]
[WhiteElo "1806"]
[BlackElo "1548"]
[PlyCount "126"]
[EventDate "2011.??.??"]

1. d4 {[%emt 0:00:00]} d5 2. g3 Nf6 3. Bg2 Bf5 4. Nf3 e6 5. O-O c5 6. c4 Nc6 7.
cxd5 exd5 8. Nc3 Nb4 9. Bg5 Be7 10. dxc5 Rc8 11. a3 Nc6 12. b4 O-O 13. Nb5 a6
14. Nbd4 Nxd4 15. Nxd4 Bg6 16. Bh3 Ra8 17. Nf5 Bxf5 18. Bxf5 h6 19. Bxf6 Bxf6
20. Ra2 d4 21. Be4 Qc7 22. Qd3 Rad8 23. Rc1 Rfe8 24. Qf3 Re7 25. Bd3 Rc8 26.
Qf5 Re5 27. Qf3 Re7 28. Rc4 Qd7 29. Bf5 Qb5 30. Qd3 Rce8 31. a4 Qc6 32. Bg4 Rc7
33. Bf3 Qe6 34. b5 axb5 35. axb5 Rec8 36. c6 bxc6 37. Ra6 cxb5 38. Rxe6 bxc4
39. Qe4 fxe6 40. Qxe6+ Kh8 41. Be4 Rc5 42. Bb7 Rd8 43. Qb6 Re5 44. Ba6 Rxe2 45.
Bxc4 Re1+ 46. Kg2 d3 47. Bxd3 Rxd3 48. Qa5 Red1 49. Qa8+ Rd8 50. Qf3 R1d7 51.
h4 Rf7 52. Qe4 Rdf8 53. f3 Bc3 54. f4 Ba5 55. Qd5 Bc7 56. Qc4 Bd8 57. Qd5 Bxh4
58. gxh4 Rxf4 59. Kg3 Rb4 60. Qe6 Ra8 61. Qe5 Ra3+ 62. Kg2 Ra8 63. Kg3 Rab8
1/2-1/2

[Event "10. Forchheimer Sparkassen Open"]
[Site "Forchheim"]
[Date "2011.10.08"]
[Round "2.58"]
[White "Zhao, Kevin"]
[Black "Mehling, Franziska"]
[Result "1-0"]
[WhiteElo "1799"]
[BlackElo "1532"]
[PlyCount "85"]
[EventDate "2011.??.??"]
[WhiteTeam "SC Erlangen 48/88 e.V."]
[BlackTeam "Spvgg 1946 e.V. Stetten"]

1. e4 {[%emt 0:00:00]} c5 2. Nc3 a6 3. f4 e6 4. Nf3 b5 5. d3 Bb7 6. Ne2 d5 7.
e5 Be7 8. c3 Nc6 9. d4 Qb6 10. g3 h5 11. h3 Nh6 12. g4 O-O-O 13. Rg1 hxg4 14.
hxg4 Kb8 15. Be3 Rc8 16. Qb3 Na5 17. Qc2 Nc4 18. Bf2 Qc6 19. b3 Nb6 20. Rc1 g6
21. dxc5 Bxc5 22. Ned4 Qd7 23. Qd2 Qe7 24. Bd3 Rc7 25. Ke2 Rhc8 26. Rc2 Qf8 27.
Be3 Ng8 28. Rh1 Ne7 29. Rh2 Nc6 30. Nxc6+ Rxc6 31. Nd4 R6c7 32. Rc1 Ba3 33. Rc2
Bc5 34. Qe1 Nd7 35. b4 Be7 36. a3 Qg7 37. Nb3 Rh8 38. Kd1 Rcc8 39. Na5 Ba8 40.
Bg1 Rxh2 41. Rxh2 Rh8 42. Qe3 Rxh2 43. Qa7+ 1-0

[Event "10. Forchheimer Sparkassen Open"]
[Site "Forchheim"]
[Date "2011.10.08"]
[Round "2.59"]
[White "Mantel, Ruben"]
[Black "Unkelbach, Manfred"]
[Result "0-1"]
[WhiteElo "1396"]
[BlackElo "1798"]
[PlyCount "116"]
[EventDate "2011.??.??"]

1. e4 {[%emt 0:00:00]} c6 2. d4 d5 3. e5 Bf5 4. Bd3 Bxd3 5. Qxd3 e6 6. Nf3 a6
7. Be3 Qb6 8. Qb3 Nd7 9. Qxb6 Nxb6 10. Nbd2 Ne7 11. a4 Nf5 12. a5 Nd7 13. c3 c5
14. O-O Be7 15. Nb3 Rc8 16. Rfe1 O-O 17. h3 h6 18. g4 Nxe3 19. fxe3 c4 20. Nbd2
Nb8 21. e4 Nc6 22. exd5 exd5 23. Rf1 Bd8 24. Rae1 Nxa5 25. e6 Nc6 26. exf7+
Rxf7 27. Re8+ Rf8 28. Rxf8+ Kxf8 29. Ne5+ Ke8 30. Re1 Bh4 31. Re2 Kd8 32. Ndf3
Bf6 33. Kg2 Rc7 34. Kg3 Re7 35. Kf4 Kc7 36. h4 Bxe5+ 37. Nxe5 Kd6 38. Kf5 a5
39. g5 b5 40. gxh6 gxh6 41. Kf6 Re6+ 42. Kf5 Ne7+ 43. Kg4 b4 44. Kh5 Nf5 45.
Nf7+ Ke7 46. Rxe6+ Kxe6 47. Nxh6 Nxh6 48. Kxh6 Kf7 49. Kh7 b3 50. h5 a4 51. h6
a3 52. Kh8 Kf8 53. Kh7 axb2 54. Kh8 b1=Q 55. h7 Ke7 56. Kg8 Qg6+ 57. Kh8 Qe8+
58. Kg7 Qf8+ 0-1

[Event "10. Forchheimer Sparkassen Open"]
[Site "Forchheim"]
[Date "2011.10.08"]
[Round "2.60"]
[White "Semenova, Alisa"]
[Black "Gunnarsson, Leif"]
[Result "0-1"]
[WhiteElo "1156"]
[BlackElo "1783"]
[PlyCount "66"]
[EventDate "2011.??.??"]
[WhiteTeam "SC Noris-Tarrasch Nürnberg 1873"]

1. e4 {[%emt 0:00:00]} c5 2. Nf3 d6 3. d4 cxd4 4. Nxd4 Nf6 5. Nc3 a6 6. Be3 g6
7. Be2 Bg7 8. O-O O-O 9. Qd2 Re8 10. Rad1 Nbd7 11. Nb3 b5 12. a3 Bb7 13. Bf3
Ne5 14. Qe2 Nc4 15. Nc5 Bc6 16. Nd3 Nd7 17. Bg4 Nxa3 18. Nb4 Bb7 19. Nbd5 Nc4
20. b3 Nce5 21. Bd4 e6 22. Ne3 Qc7 23. Na2 Bxe4 24. Bxe5 Nxe5 25. Rc1 Qa5 26.
Ra1 Nxg4 27. Nxg4 Bxa1 28. Rxa1 Qd8 29. Qxe4 f5 30. Nh6+ Kg7 31. Qe3 Qh4 32.
Nxf5+ exf5 33. Qc3+ Qf6 0-1

[Event "10. Forchheimer Sparkassen Open"]
[Site "Forchheim"]
[Date "2011.10.08"]
[Round "2.63"]
[White "Wichmann, Adrian"]
[Black "Mann, Johannes"]
[Result "0-1"]
[WhiteElo "1599"]
[BlackElo "1728"]
[PlyCount "78"]
[EventDate "2011.??.??"]

1. e4 {[%emt 0:00:00]} d6 2. d4 Nf6 3. Nc3 g6 4. Bc4 Bg7 5. Nf3 O-O 6. O-O c6
7. Be3 b5 8. Bd3 Qc7 9. Bf4 Nh5 10. Be3 e5 11. dxe5 dxe5 12. Qe2 Nf4 13. Bxf4
exf4 14. Nd1 Be6 15. c3 Nd7 16. Ng5 Nc5 17. Nxe6 fxe6 18. f3 Nxd3 19. Qxd3 Rfd8
20. Qe2 Qb6+ 21. Kh1 c5 22. Qc2 Rd7 23. Nf2 Rad8 24. Rad1 c4 25. Rxd7 Rxd7 26.
h3 Qe3 27. Rd1 Rxd1+ 28. Nxd1 Qe1+ 29. Kh2 Bf8 30. b4 Be7 31. Qf2 Qxd1 32. Qxa7
Qd8 33. Qa6 Qd7 34. Qb6 Kg7 35. Qf2 e5 36. g3 Bg5 37. h4 fxg3+ 38. Kxg3 Bf4+
39. Kg2 Qd2 0-1

[Event "10. Forchheimer Sparkassen Open"]
[Site "Forchheim"]
[Date "2011.10.08"]
[Round "2.64"]
[White "Häusler, Yannick"]
[Black "Neiss, Albrecht"]
[Result "1-0"]
[WhiteElo "1723"]
[BlackElo "1469"]
[PlyCount "69"]
[EventDate "2011.??.??"]
[WhiteTeam "Spvgg 1946 e.V. Stetten"]
[BlackTeam "SC Kirchseeon e.V."]

1. e4 {[%emt 0:00:00]} e6 2. d4 d5 3. Nc3 Nf6 4. e5 Nfd7 5. f4 c5 6. Nf3 Nc6 7.
Be3 a6 8. Qd2 Be7 9. O-O-O b5 10. dxc5 Nxc5 11. Qf2 Na4 12. Qd2 Nb4 13. Kb1 Bd7
14. Nd4 O-O 15. a3 Nc6 16. Nxc6 Bxc6 17. Bd3 Nb6 18. Qf2 Nc4 19. Bc5 a5 20. Na2
Ra6 21. h4 Bxc5 22. Qxc5 Qb8 23. Rh3 Rc8 24. Qe7 Rc7 25. Qg5 b4 26. Bxc4 bxa3
27. Rb3 Rb7 28. Bxa6 Rxb3 29. cxb3 h6 30. Qg3 Ba4 31. Rc1 Qb6 32. h5 Bxb3 33.
Rc8+ Kh7 34. Bd3+ g6 35. Bxg6+ 1-0

[Event "10. Forchheimer Sparkassen Open"]
[Site "Forchheim"]
[Date "2011.10.08"]
[Round "2.66"]
[White "Schütz, Robert"]
[Black "Schilay, Andre"]
[Result "1-0"]
[WhiteElo "1616"]
[BlackElo "1711"]
[PlyCount "99"]
[EventDate "2011.??.??"]
[WhiteTeam "SC Forchheim e.V."]
[BlackTeam "SK Neumarkt e.V."]

1. e4 {[%emt 0:00:00]} e5 2. Nf3 d6 3. Bc4 Be7 4. d4 Nd7 5. Nc3 Nb6 6. Bb3 Bg4
7. dxe5 Qd7 8. exd6 Bxd6 9. Be3 O-O-O 10. Qe2 f6 11. O-O-O Ne7 12. Nb5 Nc6 13.
Nxd6+ cxd6 14. h3 Bh5 15. Bxb6 axb6 16. Qb5 Bg6 17. Nd2 Qc7 18. f3 Nd4 19. Qc4
Nxb3+ 20. Qxb3 Kb8 21. Qc4 Qd7 22. Qd4 Qc6 23. Nb3 Rhe8 24. Rd2 Bf7 25. Kb1 Re7
26. Rhd1 Rc7 27. Qe3 b5 28. Nd4 Qa6 29. b3 b4 30. Qd3 Qb6 31. Qb5 Qc5 32. Qxc5
dxc5 33. Nc6+ bxc6 34. Rxd8+ Kb7 35. R8d7 c4 36. Rxc7+ Kxc7 37. Rd4 cxb3 38.
cxb3 c5 39. Rd2 h6 40. Kb2 Be8 41. a3 bxa3+ 42. Kxa3 Bb5 43. h4 Bd7 44. Kb2 g6
45. Kc3 Kc6 46. f4 h5 47. Rxd7 Kxd7 48. Kc4 Kd6 49. Kb5 f5 50. e5+ 1-0

[Event "10. Forchheimer Sparkassen Open"]
[Site "Forchheim"]
[Date "2011.10.08"]
[Round "2.67"]
[White "Wohlfahrt, Michael"]
[Black "Hock, Anna-Maria"]
[Result "1-0"]
[WhiteElo "1709"]
[BlackElo "1412"]
[PlyCount "53"]
[EventDate "2011.??.??"]

1. e4 {[%emt 0:00:00]} Nf6 2. Nc3 e5 3. Nf3 Nc6 4. d4 exd4 5. Nxd4 Bb4 6. Nxc6
bxc6 7. Bd3 O-O 8. O-O Re8 9. Qf3 d5 10. Bg5 Re6 11. exd5 cxd5 12. Bxf6 Rxf6
13. Qxd5 Be6 14. Qe4 Bxc3 15. Qxh7+ Kf8 16. Qh8+ Ke7 17. Qxd8+ Rxd8 18. bxc3
Kf8 19. Rfb1 Bd5 20. Rb4 Re6 21. f3 Re5 22. Kf2 Rh5 23. h3 Rg5 24. g4 Re5 25.
Ra4 Ra8 26. Ra5 f6 27. f4 1-0

[Event "10. Forchheimer Sparkassen Open"]
[Site "Forchheim"]
[Date "2011.10.08"]
[Round "2.68"]
[White "Kliem, Klaus-Peter"]
[Black "Lingl, Peter"]
[Result "1-0"]
[WhiteElo "1688"]
[BlackElo "1369"]
[PlyCount "59"]
[EventDate "2011.??.??"]
[WhiteTeam "SF Oeffingen e.V."]
[BlackTeam "SV Puschendorf 1949 e.V."]

1. d4 {[%emt 0:00:00]} d5 2. Nf3 Nf6 3. e3 g6 4. Bd3 Bg7 5. O-O O-O 6. Nbd2
Nbd7 7. e4 c6 8. e5 Ng4 9. Ng5 Nh6 10. Ndf3 Re8 11. e6 fxe6 12. Nxe6 Qb6 13.
Nfg5 Nf8 14. Nxg7 Kxg7 15. c3 Qc7 16. Qf3 Ne6 17. Nxe6+ Bxe6 18. Bxh6+ Kxh6 19.
Qe3+ Kg7 20. Qxe6 Rf8 21. Rae1 Rae8 22. Re5 Rf6 23. Qg4 Ref8 24. f4 c5 25. f5
cxd4 26. cxd4 e6 27. fxe6 Rxf1+ 28. Bxf1 Qc1 29. Qe2 Qf4 30. Rxd5 1-0

[Event "10. Forchheimer Sparkassen Open"]
[Site "Forchheim"]
[Date "2011.10.08"]
[Round "2.69"]
[White "Berger, Nadja"]
[Black "Pillath, Marcus"]
[Result "1-0"]
[WhiteElo "1683"]
[BlackElo "1214"]
[PlyCount "115"]
[EventDate "2011.??.??"]

1. e4 {[%emt 0:00:00]} c6 2. d4 d5 3. exd5 cxd5 4. Nf3 Bf5 5. Bf4 Nf6 6. Nc3 a6
7. Be2 e6 8. O-O h6 9. Re1 Bd6 10. Ne5 O-O 11. Bg3 Qc7 12. Bf3 Nbd7 13. h3 Rac8
14. a3 Nb6 15. Be2 Ne4 16. Nxe4 Bxe4 17. c3 f6 18. Nf3 Bxg3 19. fxg3 Qxg3 20.
Bd3 Bxd3 21. Qxd3 Qd6 22. Re2 Rfe8 23. Rae1 Nd7 24. Qg6 Nf8 25. Qg4 f5 26. Qh5
Qe7 27. Qxf5 exf5 28. Rxe7 Rxe7 29. Rxe7 b5 30. Re5 g6 31. Rxd5 Re8 32. Ne5 Kg7
33. Kf2 Ne6 34. Rd6 g5 35. Rxa6 f4 36. Ra7+ Kg8 37. Ng4 Rf8 38. Nxh6+ Kh8 39.
Re7 Ng7 40. Nf7+ Kg8 41. Nxg5 Nf5 42. Re5 Ne3 43. Rxb5 Nc4 44. Nf3 Nd6 45. Rg5+
Kh7 46. Nd2 Kh6 47. Ra5 Nf5 48. Nc4 Ng3 49. Re5 Rc8 50. Nd6 Rb8 51. Rb5 Rf8 52.
a4 Ra8 53. a5 Nh1+ 54. Kg1 Ng3 55. Nf5+ Nxf5 56. Rxf5 Rb8 57. b4 Rc8 58. Rc5
1-0

[Event "10. Forchheimer Sparkassen Open"]
[Site "Forchheim"]
[Date "2011.10.08"]
[Round "2.70"]
[White "Schoebel, Klaus"]
[Black "Heinrich, Leon"]
[Result "1-0"]
[WhiteElo "1659"]
[BlackElo "1168"]
[PlyCount "131"]
[EventDate "2011.??.??"]
[WhiteTeam "SK 1911 Herzogenaurach e.V."]
[BlackTeam "SC Noris-Tarrasch Nürnberg 1873"]

1. e4 {[%emt 0:00:00]} e5 2. Bc4 Nf6 3. d4 exd4 4. Nf3 Nc6 5. O-O Be7 6. Nxd4
Nxd4 7. Qxd4 d6 8. Nc3 O-O 9. Re1 Bd7 10. Bf4 Bc6 11. Nd5 Nxd5 12. exd5 Bf6 13.
Qd3 Bd7 14. c3 Bg4 15. Qg3 Bh5 16. Bd3 Bg6 17. Rad1 Qd7 18. Bxg6 fxg6 19. Re6
Rae8 20. Qh3 Qf7 21. Bg3 Be5 22. Re1 Bxg3 23. Qxg3 Qd7 24. Qe3 Rxe6 25. dxe6
Qe7 26. Qxa7 b6 27. Qa4 Rd8 28. Qb3 d5 29. h3 Rd6 30. Qa3 Kf8 31. Qa8+ Rd8 32.
Qb7 Rd6 33. Re3 Rxe6 34. Qc8+ Kf7 35. Rxe6 Qxe6 36. Qxc7+ Kf6 37. Qf4+ Qf5 38.
Qxf5+ Kxf5 39. a4 Ke5 40. Kf1 Kd6 41. b4 Kc6 42. Ke2 Kd6 43. Kd3 Kc6 44. Kd4
Kd6 45. a5 bxa5 46. bxa5 Kc6 47. a6 Kb6 48. Kxd5 Kxa6 49. Kc6 Ka7 50. Kc7 Ka6
51. c4 Ka5 52. c5 Kb5 53. c6 Kc4 54. Kd7 Kd4 55. c7 Ke5 56. c8=Q Kd5 57. Qc6+
Ke5 58. Qe6+ Kd4 59. Kd6 Kd3 60. Kd5 Kc3 61. Qe3+ Kb4 62. Qc1 Kb3 63. Kd4 Kb4
64. Qc4+ Ka5 65. Kc5 g5 66. Qb5# 1-0

[Event "10. Forchheimer Sparkassen Open"]
[Site "Forchheim"]
[Date "2011.10.08"]
[Round "2.71"]
[White "Hasenstab, Robin"]
[Black "Schädlich, Helmut"]
[Result "0-1"]
[WhiteElo "1480"]
[BlackElo "1650"]
[PlyCount "58"]
[EventDate "2011.??.??"]

1. d4 {[%emt 0:00:00]} f5 2. Nf3 Nf6 3. Bf4 e6 4. Nbd2 Be7 5. e3 O-O 6. c4 d6
7. Bd3 Qe8 8. Qb3 b6 9. O-O Nc6 10. Bg5 h6 11. Bh4 e5 12. c5+ Kh8 13. Bxf6 Bxf6
14. cxd6 e4 15. Bb5 exf3 16. d5 fxg2 17. Bxc6 gxf1=Q+ 18. Nxf1 Qg6+ 19. Ng3
cxd6 20. Bxa8 f4 21. exf4 Bh3 22. Bc6 h5 23. f5 Qg4 24. Qd1 Bxb2 25. Qxg4 Bxg4
26. Rb1 Be5 27. Bd7 Bxg3 28. hxg3 Bxf5 29. Bc6 Bxb1 0-1

[Event "10. Forchheimer Sparkassen Open"]
[Site "Forchheim"]
[Date "2011.10.08"]
[Round "2.72"]
[White "Schilay, Lorenz"]
[Black "Körber, Christian"]
[Result "0-1"]
[WhiteElo "1354"]
[BlackElo "1586"]
[PlyCount "96"]
[EventDate "2011.??.??"]
[WhiteTeam "SK Neumarkt e.V."]
[BlackTeam "SF Fürth 1951 e.V."]

1. e4 {[%emt 0:00:00]} d5 2. exd5 Qxd5 3. Nc3 Qa5 4. Nf3 Nf6 5. d3 Bf5 6. Be2
e6 7. O-O Be7 8. a3 O-O 9. Bg5 c6 10. Qd2 Nbd7 11. Rfe1 Qc7 12. Bf4 Bd6 13.
Bxd6 Qxd6 14. Rad1 Rfd8 15. Qg5 Rac8 16. h3 Nd5 17. Nxd5 cxd5 18. c3 Nc5 19.
Nd4 Bg6 20. Rd2 f6 21. Qe3 e5 22. Nc2 Rd7 23. b4 Nb3 24. Rdd1 Rxc3 25. Na1 Nd4
26. f4 Rxa3 27. fxe5 Qxe5 28. Qxe5 fxe5 29. Bg4 Re7 30. Bc8 Rxd3 31. Rc1 Rd2
32. Rc5 Ne2+ 33. Kf1 Ng3+ 34. Kg1 Be4 35. Rxe4 Nxe4 36. Rc1 Ng3 37. Kh2 Ne2 38.
Rc5 Nf4 39. Nb3 Rxg2+ 40. Kh1 e4 41. Bg4 e3 42. Rc8+ Kf7 43. Bh5+ g6 44. Bf3 e2
45. Bxe2 Rexe2 46. Rc1 Rh2+ 47. Kg1 Reg2+ 48. Kf1 Rh1# 0-1

[Event "10. Forchheimer Sparkassen Open"]
[Site "Forchheim"]
[Date "2011.10.08"]
[Round "2.74"]
[White "Wagner, Robert"]
[Black "Dresel, Martin"]
[Result "1-0"]
[WhiteElo "1733"]
[BlackElo "1275"]
[PlyCount "62"]
[EventDate "2011.??.??"]
[WhiteTeam "SC Forchheim e.V."]
[BlackTeam "SC Erlangen 48/88 e.V."]

1. d4 {[%emt 0:00:00]} d5 2. c4 e5 3. dxe5 d4 4. Nf3 Nc6 5. a3 Bg4 6. Nbd2 Nge7
7. h3 Be6 8. Nb3 Bxc4 9. Nbxd4 Ng6 10. Bg5 Be7 11. Bxe7 Ngxe7 12. Rc1 Bd5 13.
e3 O-O 14. Be2 Qd7 15. O-O Ng6 16. Bb5 Nge7 17. Bxc6 Nxc6 18. Nxc6 bxc6 19. e4
Be6 20. Qxd7 Bxd7 21. Nd4 Rfe8 22. Nxc6 Bxc6 23. Rxc6 Rxe5 24. Rxc7 Rxe4 25.
Rd1 Rae8 26. Rxa7 g6 27. Rb7 Kf8 28. Rdd7 Re1+ 29. Kh2 R1e7 30. Rxe7 Rxe7 31.
Rxe7 Kxe7 1-0

[Event "10. Forchheimer Sparkassen Open"]
[Site "Forchheim"]
[Date "2011.10.08"]
[Round "2.75"]
[White "Otto, Moritz"]
[Black "Kraus, Sebastian"]
[Result "1-0"]
[WhiteElo "1666"]
[BlackElo "1250"]
[PlyCount "51"]
[EventDate "2011.??.??"]

1. d4 {[%emt 0:00:00]} Nf6 2. Bf4 g6 3. Nf3 Bg7 4. e3 d5 5. Bd3 O-O 6. Nbd2 Nc6
7. c3 a6 8. O-O b5 9. Rc1 Bb7 10. b3 Nh5 11. Bg5 Rc8 12. c4 Nb4 13. Bb1 bxc4
14. bxc4 Nf6 15. Qb3 c5 16. dxc5 Rxc5 17. Qxb4 Qc8 18. Ne5 h6 19. Bxf6 Bxf6 20.
Nd7 Qxd7 21. Qxc5 Rc8 22. Qb4 d4 23. exd4 Rb8 24. Be4 Qxd4 25. Bxb7 Bg5 26. Nf3
1-0

[Event "10. Forchheimer Sparkassen Open"]
[Site "Forchheim"]
[Date "2011.10.08"]
[Round "2.76"]
[White "Wegmann, Sven"]
[Black "Kunkel, Heinrich"]
[Result "1/2-1/2"]
[WhiteElo "1597"]
[BlackElo "1209"]
[PlyCount "54"]
[EventDate "2011.??.??"]
[WhiteTeam "SC Erlangen 48/88 e.V."]
[BlackTeam "TuS 1863 Aschaffenb.Damm"]

1. e4 {[%emt 0:00:00]} e5 2. Nf3 d6 3. Nc3 Be6 4. Bb5+ c6 5. Ba4 Be7 6. O-O Nf6
7. Bb3 Bxb3 8. axb3 O-O 9. d3 b5 10. Bg5 a6 11. Nh4 b4 12. Ne2 Ne8 13. Bxe7
Qxe7 14. Nf5 Qf6 15. Neg3 g6 16. Ne3 Ng7 17. Qd2 c5 18. f3 Nc6 19. Rf2 Ne7 20.
Raf1 g5 21. Nc4 h6 22. Ra1 Nc6 23. Rff1 Ra7 24. Ra2 Rfa8 25. Rfa1 Qd8 26. c3 a5
27. Kf2 f6 1/2-1/2

[Event "10. Forchheimer Sparkassen Open"]
[Site "Forchheim"]
[Date "2011.10.08"]
[Round "2.77"]
[White "Seifert, Heinz"]
[Black "Alka, Kurt"]
[Result "1/2-1/2"]
[WhiteElo "1562"]
[BlackElo "1250"]
[PlyCount "95"]
[EventDate "2011.??.??"]

1. e4 {[%emt 0:00:00]} c5 2. Nc3 d6 3. g3 e5 4. Bg2 Nf6 5. d3 Nc6 6. f4 Bg4 7.
Nf3 Nd4 8. h3 Bxf3 9. Bxf3 Nxf3+ 10. Qxf3 Be7 11. O-O Qd7 12. fxe5 dxe5 13. Qf5
Qxf5 14. Rxf5 Bd6 15. Nb5 Bb8 16. Be3 h6 17. Na3 Nd7 18. Raf1 f6 19. Nc4 b6 20.
c3 Bc7 21. Kg2 O-O 22. d4 b5 23. Nd2 cxd4 24. cxd4 Bb6 25. Nb3 Rac8 26. R5f2
Rc4 27. Rd2 exd4 28. Bxd4 Bxd4 29. Nxd4 Ne5 30. b3 Rc3 31. Nf5 Rd3 32. Rc2 Rfd8
33. Rff2 Nf7 34. Rc6 a5 35. Rc5 Rb8 36. Ne7+ Kf8 37. Nd5 Nd6 38. Re2 Nf7 39.
Nc7 Nd6 40. e5 fxe5 41. Rcxe5 Kg8 42. Nd5 Rf8 43. Nf4 Rc3 44. Nd5 Rd3 45. Ne7+
Kh8 46. Nf5 Nxf5 47. Rxf5 Kg8 48. Rxb5 {Rest unklar} 1/2-1/2

[Event "10. Forchheimer Sparkassen Open"]
[Site "Forchheim"]
[Date "2011.10.08"]
[Round "2.78"]
[White "Heil, Rudolf"]
[Black "Meier, Hans"]
[Result "1/2-1/2"]
[WhiteElo "1544"]
[BlackElo "1167"]
[PlyCount "40"]
[EventDate "2011.??.??"]
[WhiteTeam "SC Starnberg"]
[BlackTeam "SV Aham"]

1. c4 {[%emt 0:00:00]} c5 2. g3 b6 3. Bg2 Nc6 4. e4 e5 5. Ne2 Nf6 6. O-O g6 7.
Nbc3 Bg7 8. f4 Rb8 9. h3 Bb7 10. d3 d6 11. f5 O-O 12. Nd5 Nxd5 13. cxd5 Nd4 14.
Bd2 Qe7 15. Nxd4 cxd4 16. Qg4 Bc8 17. Qf3 Qf6 18. g4 g5 19. Rac1 Ba6 20. Rc7
Rb7 1/2-1/2

[Event "10. Forchheimer Sparkassen Open"]
[Site "Forchheim"]
[Date "2011.10.08"]
[Round "2.79"]
[White "Meier, Martin"]
[Black "Seuberth, Ludwig"]
[Result "0-1"]
[WhiteElo "1153"]
[BlackElo "1530"]
[PlyCount "100"]
[EventDate "2011.??.??"]

1. c4 {[%emt 0:00:00]} f5 2. d4 Nf6 3. g3 e6 4. Bg2 c6 5. e3 Be7 6. Nc3 Bb4 7.
Nge2 d5 8. a3 Bxc3+ 9. Nxc3 dxc4 10. O-O O-O 11. e4 Qe8 12. exf5 exf5 13. Bg5
Qg6 14. Bxf6 Qxf6 15. d5 Rd8 16. f4 Na6 17. Qf3 Bd7 18. Rfd1 Nc5 19. Qe2 Nd3
20. a4 Be8 21. Qd2 cxd5 22. Bxd5+ Rxd5 23. Nxd5 Qd4+ 24. Ne3 Bc6 25. Rdb1 Re8
26. Re1 Nxe1 27. Qxd4 Nf3+ 28. Kf2 Nxd4 29. Rc1 b5 30. Nxc4 Re2+ 31. Kf1 Rxh2
32. Ne5 Rh1+ 33. Kf2 Rxc1 34. Ke3 Nb3 35. Nxc6 Rxc6 36. axb5 Rb6 37. Kd3 Rxb5
38. Kc4 a6 39. Kc3 Nc5 40. b4 Ne4+ 41. Kc4 Kf7 42. Kb3 Ke6 43. Kc4 Nd6+ 44. Kc3
Kd5 45. Kb3 Kd4 46. Ka3 Kc4 47. Ka2 Rxb4 48. Ka3 Nb5+ 49. Ka2 Nc3+ 50. Ka3 Rb3#
0-1

[Event "10. Forchheimer Sparkassen Open"]
[Site "Forchheim"]
[Date "2011.10.08"]
[Round "2.80"]
[White "Diller, Andreas"]
[Black "Ziegler, Gerhard"]
[Result "1-0"]
[WhiteElo "1502"]
[BlackElo "1073"]
[PlyCount "83"]
[EventDate "2011.??.??"]
[WhiteTeam "SK Rothenburg e.V."]
[BlackTeam "SC Kirchseeon e.V."]

1. e4 {[%emt 0:00:00]} c6 2. f4 d5 3. exd5 cxd5 4. Nf3 Nc6 5. Bb5 a6 6. Ba4 b5
7. Bb3 e6 8. d4 Nf6 9. O-O Be7 10. Be3 O-O 11. Nbd2 Bb7 12. c3 Re8 13. Bc2 Na5
14. Ne5 Nc4 15. Ndxc4 bxc4 16. g4 Ne4 17. Qe2 Rf8 18. Bxe4 dxe4 19. Nxc4 f5 20.
Ne5 Bf6 21. g5 Bxe5 22. dxe5 g6 23. Rfd1 Qe7 24. Rd6 Bd5 25. c4 Bb7 26. Bb6
Rfc8 27. Rad1 Qf8 28. b4 Bc6 29. a3 Rab8 30. c5 Bd5 31. Qd2 Rc6 32. Rxd5 exd5
33. Qxd5+ Qf7 34. Qxc6 Re8 35. Qd5 e3 36. Kf1 Kg7 37. Qxf7+ Kxf7 38. Rd7+ Ke6
39. Rd6+ Kf7 40. c6 Rc8 41. c7 Ke8 42. Rd8+ 1-0

[Event "10. Forchheimer Sparkassen Open"]
[Site "Forchheim"]
[Date "2011.10.08"]
[Round "2.81"]
[White "Gründel, Johannes"]
[Black "Kraus, Oliver"]
[Result "1-0"]
[WhiteElo "1436"]
[BlackElo "1073"]
[PlyCount "37"]
[EventDate "2011.??.??"]

1. e4 {[%emt 0:00:00]} e5 2. Nf3 Nc6 3. d4 exd4 4. Nxd4 Nf6 5. Nc3 Bc5 6. Be3
Bxd4 7. Bxd4 d6 8. Bc4 Be6 9. Bxe6 fxe6 10. Qd3 e5 11. Be3 Nb4 12. Qb5+ Nc6 13.
Qxb7 Nd4 14. Bxd4 exd4 15. Nb5 O-O 16. Nxc7 Rb8 17. Qxa7 Rxb2 18. Ne6 Qe8 19.
Qxg7# 1-0